| 000 | 01128cam a22002651i 4500 | ||
|---|---|---|---|
| 003 | SA-RiAUC | ||
| 005 | 20250120081914.0 | ||
| 008 | 250120s1997 le g 00010 ara c | ||
| 040 |
_aDZ-AlALGU _bara _cSA-RiAUC _erda |
||
| 082 | 0 | 4 | _a258.3 |
| 090 |
_a258.3 _bب غ و |
||
| 100 | 1 |
_aالبغوي، الحسين بن مسعود بن محمد، _d436-510 هجري _eمؤلف. |
|
| 245 | 1 | 2 |
_aالتهذيب في فقه الإمام الشافعي. _cالحسين بن مسعود بن محمد بن الفراء البغوي ؛ تحقيق عادل أحمد عبد الموجود، علي محمد معوض. |
| 250 | _aالطبعة الأولى. | ||
| 264 | 1 |
_aبيروت : _bدار الكتب العلمية، _c1997 |
|
| 300 |
_a8 مجلد ؛ _c24 سم |
||
| 336 |
_aنص _btxt _2rdacontent _3كتاب |
||
| 337 |
_aبدون وسيط _bn _2rdamedia |
||
| 338 |
_aمجلد _bnc _2rdacarrier |
||
| 650 | 7 |
_aالفقه الشافعي _2aucsh |
|
| 700 | 1 |
_aعبد الموجود، عادل أحمد _eمحقق. |
|
| 700 | 1 |
_aمعوض، علي محمد _eمحقق. |
|
| 942 |
_2ddc _cBOOK |
||
| 949 |
_aSA-JeALM _d250120 _ukhaled123 _n1 |
||
| 999 |
_c5012 _d5012 |
||